000 00643cam a2200229 4500500
005 20260329003840.0
041 _afre
042 _adc
100 1 0 _aTenaillon, Nicolas
_eauthor
245 0 0 _aDe l’art de dire des conneries
260 _c2017.
500 _a12
690 _aBaratin
690 _aBullshit
690 _aConnerie
690 _aFumisterie
690 _aMensonge
690 _aSincérité
690 _aVérité
786 0 _nPhilosophie magazine | 108 | 4 | 2017-04-01 | p. 51-51 | 1951-1787
856 4 1 _uhttps://shs.cairn.info/magazine-philosophie-magazine-2017-4-page-51?lang=fr&redirect-ssocas=7080
999 _c1828350
_d1828350